| 000 | 00000nam 2200000zi 4500 |
| 001 | 9.945767 |
| 003 | CaOODSP |
| 005 | 20241206123710 |
| 006 | m o d f |
| 007 | cr mn||||||||| |
| 008 | 241129e202411##onc ob f000 0 eng d |
| 040 | |aCaOODSP|beng|erda|cCaOODSP |
| 043 | |an-cn--- |
| 086 | 1 |aXC61-1/1-441-15E-PDF |
| 110 | 1 |aCanada. |bParliament. |bHouse of Commons. |bStanding Committee on Canadian Heritage, |eauthor, |eissuing body. |
| 245 | 14|aThe holding of a national forum on the media : |breport of the Standing Committee on Canadian Heritage / |cHon. Hedy Fry, chair. |
| 264 | 1|a[Ottawa] : |bHouse of Commons, Canada = Chambre des communes, Canada, |cNovember 2024. |
| 300 | |a1 online resource (viii, 36 pages). |
| 336 | |atext|btxt|2rdacontent |
| 337 | |acomputer|bc|2rdamedia |
| 338 | |aonline resource|bcr|2rdacarrier |
| 490 | 1 |aReport of the Standing Committee on Canadian Heritage ; |v15th report, 44th Parliament, 1st Session |
| 500 | |aIssued also in French under title: La tenue d'états généraux sur les médias : rapport du Comité permanent du patrimoine canadien. |
| 500 | |a"44th Parliament, 1st Session." |
| 500 | |aThe publication file in PDF format has been replaced on 6 December 2024 as requested by the House of Commons Canada. |
| 500 | |a"Fifteenth report"--Page v. |
| 504 | |aIncludes bibliographical references. |
| 520 | |a"On 5 December 2023, the House of Commons Standing Committee on Canadian Heritage (the Committee) adopted the following motion: Whereas: 1. The news media is in crisis due to the dominance of foreign digital companies; 2. Hundreds of newsroom positions across Canada have been cut since the beginning of the year, and hundreds more are likely to be cut in the near future; 3. Canadian broadcasters, journalists’ associations, news unions and many experts agree that urgent action must be taken to ensure adequate, diversified news coverage in all regions of Quebec and Canada"--Context of the study, page 3. |
| 650 | 0|aPress|zCanada. |
| 650 | 0|aMass media|xLaw and legislation|zCanada. |
| 650 | 0|aCommunication, International. |
| 650 | 0|aFreedom of the press|zCanada. |
| 650 | 0|aGovernment and the press|zCanada. |
| 700 | 1 |aFry, Hedy. |
| 775 | 08|tLa tenue d'états généraux sur les médias : |w(CaOODSP)9.945769 |
| 830 | #0|aReport of the Standing Committee on Canadian Heritage ;|v15th report, 44th Parliament, 1st Session.|w(CaOODSP)9.507214 |
| 856 | 40|qPDF|s2.61 MB|uhttps://publications.gc.ca/collections/collection_2024/parl/xc61-1/XC61-1-1-441-15-eng.pdf |
| 856 | 4 |qHTML|sN/A|uhttps://www.ourcommons.ca/DocumentViewer/en/44-1/CHPC/report-15/ |